Statistics for Harder General Knowledge Quiz

Click here to take the quiz!

General Stats

  • This quiz has been taken 78 times
  • The average score is 6 of 8

Answer Stats

QuestionAnswer% Correct
What does "www" stand forWorld Wide Web
99%
How long is an Olympic swimming pool (in meters)50
85%
Who was the first woman to win a Nobel Prize (in 1903)?Marie Curie
80%
Which animal can be seen on the Porsche logo?Horse
79%
What geometric shape is generally used for stop signs?Octagon
73%
Who was the first woman pilot to fly solo across the Atlantic?Amelia Earhart
72%
How many languages are written from right to left?12
48%
What is "cynophobia"?Fear of dogs
18%

Score Distribution

Percentile by Number Answered

Percent of People with Each Score

Your Score History

You have not taken this quiz